00392nam a2200157Ia 45000010006000000050017000060080041000230410008000640820016000721000034000882450065001222600009001873000022001966500008002186540008002261333020260306164753.0260306t1996||||xx |||||||||||||| ||spa|| aESP a001.42bS23 aSánchez Carlessi, HugoeAUT 0aMetodología y diseños en la investigación científica c1996 a174 páginas :c aGEN aCHU